| 000 | 00406nam a2200181Ia 4500 | ||
|---|---|---|---|
| 001 | 13926 | ||
| 005 | 20260306164837.0 | ||
| 008 | 260306t1988||||xx |||||||||||||| ||spa|| | ||
| 041 | _aESP | ||
| 082 |
_a005.73 _bA32 |
||
| 100 |
_aAho, Alfred V. _eAUT |
||
| 245 | 0 | _aEstructuras de datos y algoritmos | |
| 260 | _c1988 | ||
| 300 |
_a _c |
||
| 650 | _aGEN | ||
| 654 | _aCCC | ||
| 942 |
_cLIB _dJUS _fJUS _2ddc _n |
||
| 999 |
_c13926 _d13926 |
||